Oriente y occidente en tiempos de las cruzadas
Furkejuvvon:
| Váldodahkki: | |
|---|---|
| Materiálatiipa: | Girji |
| Giella: | espánnjágiella |
| Almmustuhtton: |
Ciudad de México
Fondo de Cultura Económica
1989
|
| Ráidu: | Breviarios del Fondo de Cultura Económica, 505
|
| Fáttát: | |
| Fáddágilkorat: |
Lasit fáddágilkoriid
Eai fáddágilkorat, Lasit vuosttaš fáddágilkora!
|
MARC
| LEADER | 00000nam a2200000 a 4500 | ||
|---|---|---|---|
| 001 | UCX2782 | ||
| 003 | CL-VaPUC | ||
| 008 | 910809e19890000MX |||||||||||||||||spa|d | ||
| 082 | 0 | 4 | |a 940.18 |b CAH |2 21 |
| 100 | 0 | |a Cahen, Claude |e author |9 318876 | |
| 245 | 1 | 0 | |a Oriente y occidente en tiempos de las cruzadas |
| 300 | |a 421 p | ||
| 942 | |c BK | ||
| 945 | |d 19910809 00:00:00 | ||
| 260 | |a Ciudad de México |b Fondo de Cultura Económica |c 1989 | ||
| 650 | 7 | |a CRUZADAS HISTORIA SIGLOS 5-15 |2 CL-VaPUC |9 318877 | |
| 583 | |a last modification |c 19910809 00:00:00 |k Rodrigo Vera | ||
| 490 | 0 | |a Breviarios del Fondo de Cultura Económica, 505 | |
| 999 | |c 223729 |d 223727 | ||
| 952 | |0 0 |1 0 |4 0 |6 940_180000000000000_CAH_1989 |7 0 |8 A |9 219782 |a BIBHIS |b BIBHIS |d 2019-11-15 |i 2884720 |o 940.18 CAH 1989 |p 2884720 |r 2025-01-20 |w 2019-11-15 |y BK |k HIS | ||
| 952 | |0 0 |1 0 |4 0 |6 940_180000000000000_CAH_1989 |7 0 |8 A |9 219783 |a BIBHIS |b BIBHIS |d 2019-11-15 |i 1369342 |o 940.18 CAH 1989 |p 1369342 |r 2025-01-20 |w 2019-11-15 |y BK |k HIS | ||